Southville International School and Colleges
Your cart is empty.
  • Cart
  • Lists
    Public lists Eva Luna New books Lux_list list_1
    Your lists Log in to create your own lists
  • Log in to your account
  • Your cookies
  • Search history
Southville International School and Colleges
  • Advanced search
  • Recent comments
  • Most popular
  • Libraries

Log in to your account

Log in with GOOGLE


If you do not have an external account, but do have a local account, you can still log in:

  1. Home
  2. MARC view: Pharmacy technician laboratory manual /
Normal view MARC view ISBD view

Pharmacy technician laboratory manual / (Record no. 13365)

[ view plain ]
MARC details
000 -LEADER
fixed length control field 00777cam a22002537a 4500
003 - CONTROL NUMBER IDENTIFIER
control field OSt
005 - DATE AND TIME OF LATEST TRANSACTION
control field 20140310182431.0
008 - FIXED-LENGTH DATA ELEMENTS--GENERAL INFORMATION
fixed length control field 120521s2009 xx a 000 0 eng d
010 ## - LIBRARY OF CONGRESS CONTROL NUMBER
LC control number 2012405283
020 ## - INTERNATIONAL STANDARD BOOK NUMBER
International Standard Book Number 9780763756604
020 ## - INTERNATIONAL STANDARD BOOK NUMBER
International Standard Book Number 0763756601
050 00 - LIBRARY OF CONGRESS CALL NUMBER
Classification number RS 122.95
Item number .B214 2010
100 1# - MAIN ENTRY--PERSONAL NAME
Personal name Bansal, Sandeep.
9 (RLIN) 7685
245 10 - TITLE STATEMENT
Title Pharmacy technician laboratory manual /
Statement of responsibility, etc Sandeep Bansal.
260 ## - PUBLICATION, DISTRIBUTION, ETC. (IMPRINT)
Place of publication, distribution, etc Boston :
Name of publisher, distributor, etc Jones & Bartlett,
Date of publication, distribution, etc c2010.
300 ## - PHYSICAL DESCRIPTION
Extent ix, 339 p. :
Other physical details ill. ;
Dimensions 28 cm.
504 ## - BIBLIOGRAPHY, ETC. NOTE
Bibliography, etc Includes index.
541 ## - IMMEDIATE SOURCE OF ACQUISITION NOTE
-- 1
562 ## - COPY AND VERSION IDENTIFICATION NOTE
Number of copies 1
650 #0 - SUBJECT ADDED ENTRY--TOPICAL TERM
Topical term or geographic name as entry element Pharmacy technicians
Form subdivision Handbooks, manuals, etc.
9 (RLIN) 7686
650 #0 - SUBJECT ADDED ENTRY--TOPICAL TERM
Topical term or geographic name as entry element Pharmacology
General subdivision Study and teaching.
9 (RLIN) 7687
650 #0 - SUBJECT ADDED ENTRY--TOPICAL TERM
Topical term or geographic name as entry element Pharmacology
Form subdivision Problems, exercises, etc.
9 (RLIN) 7688
942 ## - ADDED ENTRY ELEMENTS (KOHA)
Source of classification or shelving scheme Library of Congress Classification
Koha item type
Holdings
Withdrawn status Lost status Source of classification or shelving scheme Damaged status Home library Current library Shelving location Date acquired Total Checkouts Total Renewals Full call number Barcode Date last seen Date checked out Copy number Price effective from Koha item type
    Library of Congress Classification   South SEED-LPDH College Library South SEED-LPDH College Library South SEED-LPDH College Section 06/27/2012 3 5 RS 122.95 .B214 2010 SSLC0486 09/07/2018 08/31/2018 1 11/06/2013 Books

Pharmacy technician laboratory manual /

APA

Bansal S., . (2010). Pharmacy technician laboratory manual. Boston: Jones & Bartlett.

Chicago

Bansal Sandeep, . 2010. Pharmacy technician laboratory manual. Boston: Jones & Bartlett.

Harvard

Bansal S., . (2010). Pharmacy technician laboratory manual. Boston: Jones & Bartlett.

MLA

Bansal Sandeep, . Pharmacy technician laboratory manual. Boston: Jones & Bartlett. 2010.

  • Place hold
  • Print
  • Cite
  • Add to your cart (remove)
  • Save record
    BIBTEX Dublin Core MARCXML MARC (non-Unicode/MARC-8) MARC (Unicode/UTF-8) MARC (Unicode/UTF-8, Standard) MODS (XML) RIS
  • More searches
    Search for this title in:
    Other Libraries (WorldCat) Other Databases (Google Scholar) Online Stores (Bookfinder.com) Open Library (openlibrary.org)

Exporting to Dublin Core...

SOUTHVILLE LIBRARY

Southville International School and Colleges Library

1281 Tropical Ave. Cor. Luxembourg St., BF Homes International, Las Pinas City

Tel. No. 8256374 / 252358 Loc. 117/146

Powered by Koha